| 000 | 00550nam a22002177a 4500 | ||
|---|---|---|---|
| 003 | OSt | ||
| 005 | 20260411020003.0 | ||
| 008 | 150324b xxu||||| |||| 00| 0 eng d | ||
| 020 | _a9781405133005 | ||
| 040 | _cDDC | ||
| 082 |
_23rd. _a547.5 JOU 1995 _bH |
||
| 100 |
_aJoule, J.A _93291 |
||
| 245 | _aHeterocyclic chemistry | ||
| 250 | _a3rd ed. | ||
| 260 |
_aUK; _bWiley, _c1995 |
||
| 300 |
_axii,516p; _bcol.ill _c25cm |
||
| 504 | _aReferences & index included | ||
| 650 |
_aChemistry _9797 |
||
| 700 |
_aMills K. _93292 |
||
| 942 |
_2ddc _cO_SHELF _01 |
||
| 999 |
_c8237 _d8237 |
||